Glossary of botanic terms with their derivation and accent (Record no. 21034)

MARC details
000 -LEADER
fixed length control field 00321nam a2200121Ia 4500
082 ## - DEWEY DECIMAL CLASSIFICATION NUMBER
Classification number 581(038)
Item number JAC
100 ## - MAIN ENTRY--AUTHOR NAME
Personal name Jackson, B D
245 #0 - TITLE STATEMENT
Title Glossary of botanic terms with their derivation and accent
250 ## - EDITION STATEMENT
Edition statement Ed.4
260 ## - PUBLICATION, DISTRIBUTION, ETC. (IMPRINT)
Place of publication New York
Name of publisher Hafner
Year of publication 1965
942 ## - ADDED ENTRY ELEMENTS (KOHA)
Koha item type Books
Holdings
Withdrawn status Lost status Damaged status Not for loan Home library Current library Date acquired Cost, normal purchase price Full call number Accession Number Koha item type
        RRII Library RRII Library 16/12/2021 4.50 581(038) JAC 01756 Books